<?xml version="1.0" encoding="UTF-8"?>
<collection xmlns="http://www.loc.gov/MARC21/slim">
    <record>
        <controlfield tag="001">64149</controlfield>
        <controlfield tag="005">20171221155211.0</controlfield>
        <datafield tag="037" ind1=" " ind2=" ">
            <subfield code="a">TAZ-TFG-2017-3030</subfield>
        </datafield>
        <datafield tag="041" ind1=" " ind2=" ">
            <subfield code="a">spa</subfield>
        </datafield>
        <datafield tag="100" ind1="1" ind2=" ">
            <subfield code="a">Herrero Muñoz, Alberto</subfield>
        </datafield>
        <datafield tag="242" ind1="0" ind2="0">
            <subfield code="a">Analysis of clays, modified with copper nanoparticles, by atomic spectrometry techniques</subfield>
        </datafield>
        <datafield tag="245" ind1="0" ind2="0">
            <subfield code="a">Análisis de arcillas, modificadas con nanopartículas de cobre, por técnicas de espectrometría atómica</subfield>
        </datafield>
        <datafield tag="260" ind1=" " ind2=" ">
            <subfield code="a">Zaragoza</subfield>
            <subfield code="b">Universidad de Zaragoza</subfield>
            <subfield code="c">2017</subfield>
        </datafield>
        <datafield tag="506" ind1=" " ind2=" ">
            <subfield code="a">by-nc-sa</subfield>
            <subfield code="b">Creative Commons</subfield>
            <subfield code="c">3.0</subfield>
            <subfield code="u">http://creativecommons.org/licenses/by-nc-sa/3.0/</subfield>
        </datafield>
        <datafield tag="520" ind1=" " ind2=" ">
            <subfield code="a">Los nanomateriales actualmente son foco de muchas investigaciones, ya que poseen propiedades muy peculiares con aplicaciones variadas que no suelen suponer un coste económico elevado. A menudo se utilizan arcillas como soporte de nanopartículas metálicas. La estructura estable y rígida de las arcillas protege a las nanopartículas de la atmósfera y facilita su manipulación. En este trabajo determinaremos la concentración de cobre de dos muestras de sepiolita, un filosilicato, que han sido modificadas con nanopartículas de cobre de forma artificial. La determinación del contenido de cobre será realizada mediante espectroscopía de absorción atómica de llama (FAAS). Elaboraremos un estudio de los diversos parámetros instrumentales y analíticos y compararemos los distintos métodos de calibración; calibración normal y adición estándar, usando una prueba de significación. También comentaremos las fuentes de incertidumbre en nuestro proceso analítico y explicaremos la forma de cuantificarlas. Las muestras de sepiolita tienen una estructura interna de sílice ordenada y estable, por lo que su disolución no es un asunto trivial. Realizaremos un estudio comparativo de las disoluciones de muestra con agua, ataque con ácido nítrico y un tratamiento de disgregación en horno microondas usando una combinación de ácidos. Observaremos cómo evoluciona la capacidad de disolución en función del tiempo y compararemos los resultados con la concentración de cobre total, obtenida realizando el tratamiento de disgregación.</subfield>
        </datafield>
        <datafield tag="521" ind1=" " ind2=" ">
            <subfield code="a">Graduado en Química</subfield>
        </datafield>
        <datafield tag="540" ind1=" " ind2=" ">
            <subfield code="a">Derechos regulados por licencia Creative Commons</subfield>
        </datafield>
        <datafield tag="700" ind1=" " ind2=" ">
            <subfield code="a">Mir Marín, José María</subfield>
            <subfield code="e">dir.</subfield>
        </datafield>
        <datafield tag="710" ind1="2" ind2=" ">
            <subfield code="a">Universidad de Zaragoza</subfield>
            <subfield code="b">Química Analítica</subfield>
            <subfield code="c">Química Analítica</subfield>
        </datafield>
        <datafield tag="856" ind1="0" ind2=" ">
            <subfield code="f">630571@celes.unizar.es</subfield>
        </datafield>
        <datafield tag="856" ind1="4" ind2=" ">
            <subfield code="s">1299748</subfield>
            <subfield code="u">http://zaguan.unizar.es/record/64149/files/TAZ-TFG-2017-3030.pdf</subfield>
            <subfield code="y">Memoria (spa)</subfield>
        </datafield>
        <datafield tag="856" ind1="4" ind2=" ">
            <subfield code="s">494265</subfield>
            <subfield code="u">http://zaguan.unizar.es/record/64149/files/TAZ-TFG-2017-3030_ANE.pdf</subfield>
            <subfield code="y">Anexos (spa)</subfield>
        </datafield>
        <datafield tag="909" ind1="C" ind2="O">
            <subfield code="o">oai:zaguan.unizar.es:64149</subfield>
            <subfield code="p">driver</subfield>
            <subfield code="p">trabajos-fin-grado</subfield>
        </datafield>
        <datafield tag="950" ind1=" " ind2=" ">
            <subfield code="a"></subfield>
        </datafield>
        <datafield tag="951" ind1=" " ind2=" ">
            <subfield code="a">deposita:2017-12-21</subfield>
        </datafield>
        <datafield tag="980" ind1=" " ind2=" ">
            <subfield code="a">TAZ</subfield>
            <subfield code="b">TFG</subfield>
            <subfield code="c">CIEN</subfield>
        </datafield>
    </record>

    
</collection>